[Event "Deutsche Ländermeisterschaft 2022"]
[Site "Wiesbaden GER"]
[Date "2022.10.02"]
[Round "4"]
[White "Burian, Simon"]
[Black "Bornholdt, Joa Max"]
[Result "1/2-1/2"]
[Termination "normal"]
[Board "3.1"]
[WhiteElo "2196"]
[BlackElo "2196"]
[WhiteClock "01:10:46"]
[BlackClock "01:26:54"]
[WhiteTeam "Sachsen"]
[BlackTeam "Schleswig-Holstein"]
[PlyCount "45"]
[WhiteFideId "12956902"]
[BlackFideId "16253477"]
[EventCountry "GER"]
[EventRounds "7"]
[EventType "team-swiss"]
[EventDate "2022.09.30"]

1. e4 {[%clk 1:30:57]} c5 {[%clk 1:30:54]} 2. Nf3 {[%clk 1:31:17]} d6 {[%clk
1:31:18]} 3. d4 {[%clk 1:31:37]} cxd4 {[%clk 1:31:43]} 4. Nxd4 {[%clk 1:32:02]}
Nf6 {[%clk 1:32:07]} 5. Nc3 {[%clk 1:32:14]} g6 {[%clk 1:32:32]} 6. f3 {[%clk
1:32:27]} Bg7 {[%clk 1:32:52]} 7. Be3 {[%clk 1:32:50]} O-O {[%clk 1:33:12]} 8.
Qd2 {[%clk 1:33:11]} Nc6 {[%clk 1:33:36]} 9. g4 {[%clk 1:31:25]} Nxd4 {[%clk
1:32:35]} 10. Bxd4 {[%clk 1:31:49]} Be6 {[%clk 1:33:00]} 11. O-O-O {[%clk
1:32:07]} Qa5 {[%clk 1:33:02]} 12. a3 {[%clk 1:32:31]} Rab8 {[%clk 1:31:45]}
13. h4 {[%clk 1:31:53]} b5 {[%clk 1:31:41]} 14. Nd5 {[%clk 1:32:18]} Qxd2+
{[%clk 1:32:06]} 15. Rxd2 {[%clk 1:32:44]} Bxd5 {[%clk 1:32:30]} 16. exd5
{[%clk 1:32:30]} Nd7 {[%clk 1:31:53]} 17. Bxa7 {[%clk 1:13:17]} Ra8 {[%clk
1:30:39]} 18. Bd4 {[%clk 1:13:32]} b4 {[%clk 1:29:40]} 19. Bxg7 {[%clk
1:13:39]} Kxg7 {[%clk 1:30:08]} 20. Rd3 {[%clk 1:12:18]} Ne5 {[%clk 1:29:08]}
21. Rb3 {[%clk 1:12:27]} bxa3 {[%clk 1:29:10]} 22. bxa3 {[%clk 1:12:48]} Ra5
{[%clk 1:26:54]} 23. Be2 {[%clk 1:10:46]} 1/2-1/2

[Event "Deutsche Ländermeisterschaft 2022"]
[Site "Wiesbaden GER"]
[Date "2022.10.02"]
[Round "4"]
[White "Sommer, Justus"]
[Black "Hassemeier, Mika"]
[Result "1-0"]
[Termination "normal"]
[Board "3.2"]
[WhiteElo "2122"]
[BlackElo "2095"]
[WhiteClock "00:38:33"]
[BlackClock "00:24:57"]
[WhiteTeam "Schleswig-Holstein"]
[BlackTeam "Sachsen"]
[PlyCount "43"]
[WhiteFideId "16245008"]
[BlackFideId "12994880"]
[EventCountry "GER"]
[EventRounds "7"]
[EventType "team-swiss"]
[EventDate "2022.09.30"]

1. e4 {[%clk 1:30:49]} d6 {[%clk 1:30:54]} 2. d4 {[%clk 1:31:03]} Nf6 {[%clk
1:31:17]} 3. Nc3 {[%clk 1:30:47]} e5 {[%clk 1:31:39]} 4. Nf3 {[%clk 1:27:57]}
Nbd7 {[%clk 1:31:42]} 5. Bc4 {[%clk 1:26:19]} Be7 {[%clk 1:31:43]} 6. Ng5
{[%clk 1:16:10]} O-O {[%clk 1:29:10]} 7. Bxf7+ {[%clk 1:15:33]} Rxf7 {[%clk
1:29:32]} 8. Ne6 {[%clk 1:15:56]} Qe8 {[%clk 1:29:49]} 9. Nxc7 {[%clk 1:16:21]}
Qd8 {[%clk 1:27:38]} 10. Nxa8 {[%clk 1:16:38]} b5 {[%clk 1:22:15]} 11. dxe5
{[%clk 1:10:45]} Nxe5 {[%clk 1:19:42]} 12. Nd5 {[%clk 1:02:03]} Nxd5 {[%clk
0:57:58]} 13. Qxd5 {[%clk 1:02:04]} Bh4 14. Be3 {[%clk 0:57:55]} Bb7 {[%clk
0:55:11]} 15. Qxb5 Qxa8 {[%clk 0:52:40]} 16. O-O-O {[%clk 0:56:20]} Bxe4 {[%clk
0:48:26]} 17. Rxd6 {[%clk 0:53:54]} Bxg2 {[%clk 0:44:11]} 18. Rhd1 {[%clk
0:51:32]} Bf6 {[%clk 0:35:15]} 19. Bd4 {[%clk 0:42:28]} Qe4 {[%clk 0:26:37]}
20. Bxe5 {[%clk 0:38:29]} Bxe5 {[%clk 0:24:40]} 21. Rd8+ {[%clk 0:38:19]} Rf8
{[%clk 0:24:57]} 22. Qb3+ {[%clk 0:38:33]} 1-0

[Event "Deutsche Ländermeisterschaft 2022"]
[Site "Wiesbaden GER"]
[Date "2022.10.02"]
[Round "4"]
[White "Heinrich, John"]
[Black "Bosselmann, Tom Linus"]
[Result "1-0"]
[Termination "normal"]
[Board "3.3"]
[WhiteElo "2139"]
[BlackElo "2061"]
[WhiteClock "00:26:37"]
[BlackClock "00:10:09"]
[WhiteTeam "Sachsen"]
[BlackTeam "Schleswig-Holstein"]
[PlyCount "69"]
[WhiteFideId "16259491"]
[BlackFideId "12983845"]
[EventCountry "GER"]
[EventRounds "7"]
[EventType "team-swiss"]
[EventDate "2022.09.30"]

1. e4 {[%clk 1:30:57]} c5 {[%clk 1:30:57]} 2. Nf3 {[%clk 1:31:19]} d6 {[%clk
1:31:22]} 3. d4 {[%clk 1:31:36]} cxd4 {[%clk 1:31:46]} 4. Nxd4 {[%clk 1:32:02]}
Nf6 {[%clk 1:32:09]} 5. f3 {[%clk 1:32:29]} e5 {[%clk 1:24:43]} 6. Bb5+ {[%clk
1:32:38]} Bd7 {[%clk 1:23:48]} 7. Bxd7+ {[%clk 1:33:00]} Qxd7 {[%clk 1:23:57]}
8. Nf5 {[%clk 1:33:15]} d5 {[%clk 1:22:27]} 9. Bg5 {[%clk 1:32:34]} dxe4 {[%clk
1:15:20]} 10. Bxf6 {[%clk 1:32:32]} Qxd1+ {[%clk 1:13:29]} 11. Kxd1 {[%clk
1:32:56]} gxf6 {[%clk 1:13:49]} 12. fxe4 {[%clk 1:33:20]} Na6 {[%clk 1:05:56]}
13. Nc3 {[%clk 1:30:33]} O-O-O+ {[%clk 1:06:07]} 14. Ke2 {[%clk 1:30:16]} Nb4
{[%clk 0:43:22]} 15. Rac1 {[%clk 1:26:51]} Rg8 {[%clk 0:43:41]} 16. g3 {[%clk
1:26:39]} Rg5 {[%clk 0:42:31]} 17. Rhd1 {[%clk 1:15:41]} Rxd1 {[%clk 0:40:16]}
18. Kxd1 {[%clk 1:11:45]} Kd7 {[%clk 0:37:30]} 19. Ke2 {[%clk 1:10:15]} Nc6
{[%clk 0:27:50]} 20. Rd1+ {[%clk 1:09:39]} Nd4+ {[%clk 0:26:23]} 21. Nxd4
{[%clk 1:09:49]} exd4 {[%clk 0:26:47]} 22. Rxd4+ {[%clk 1:09:48]} Ke6 23. Rd5
{[%clk 0:55:32]} Bb4 {[%clk 0:25:03]} 24. Kd3 {[%clk 0:53:51]} Re5 {[%clk
0:24:00]} 25. Kd4 {[%clk 0:39:10]} Bxc3+ {[%clk 0:21:44]} 26. bxc3 {[%clk
0:38:28]} Rg5 {[%clk 0:19:30]} 27. Rxg5 {[%clk 0:37:43]} fxg5 {[%clk 0:19:59]}
28. g4 {[%clk 0:28:25]} f6 {[%clk 0:16:14]} 29. c4 {[%clk 0:28:37]} Kd6 {[%clk
0:15:22]} 30. c5+ {[%clk 0:27:31]} Ke6 {[%clk 0:15:50]} 31. a4 {[%clk 0:26:52]}
a6 {[%clk 0:10:55]} 32. a5 {[%clk 0:26:10]} h6 {[%clk 0:10:30]} 33. h3 {[%clk
0:26:33]} Ke7 {[%clk 0:09:41]} 34. Kd5 {[%clk 0:26:50]} Kd7 {[%clk 0:10:09]}
35. c3 {[%clk 0:26:37]} 1-0

[Event "Deutsche Ländermeisterschaft 2022"]
[Site "Wiesbaden GER"]
[Date "2022.10.02"]
[Round "4"]
[White "Bräutigam, Katerina"]
[Black "Glowiak, Alexandra"]
[Result "1-0"]
[Termination "normal"]
[Board "3.6"]
[WhiteElo "1873"]
[BlackElo "1602"]
[WhiteClock "00:26:53"]
[BlackClock "00:31:21"]
[WhiteTeam "Schleswig-Holstein"]
[BlackTeam "Sachsen"]
[PlyCount "83"]
[WhiteFideId "16242980"]
[BlackFideId "16259530"]
[EventCountry "GER"]
[EventRounds "7"]
[EventType "team-swiss"]
[EventDate "2022.09.30"]

1. e4 {[%clk 1:30:58]} e5 {[%clk 1:30:53]} 2. Nf3 {[%clk 1:31:24]} Nc6 {[%clk
1:31:19]} 3. Bb5 {[%clk 1:31:47]} a6 {[%clk 1:31:45]} 4. Ba4 {[%clk 1:32:12]}
Nf6 {[%clk 1:32:06]} 5. O-O {[%clk 1:32:35]} b5 {[%clk 1:32:32]} 6. Bb3 {[%clk
1:33:00]} Be7 {[%clk 1:32:46]} 7. a4 {[%clk 1:33:11]} b4 {[%clk 1:29:06]} 8. a5
{[%clk 1:33:26]} d6 {[%clk 1:28:14]} 9. d4 {[%clk 1:25:42]} Bd7 {[%clk
1:20:50]} 10. Re1 {[%clk 1:18:53]} O-O {[%clk 1:19:38]} 11. d5 {[%clk 1:14:30]}
Na7 {[%clk 1:18:04]} 12. Bc4 {[%clk 1:07:42]} Nb5 {[%clk 1:05:13]} 13. Bd2
{[%clk 0:56:36]} c5 {[%clk 0:52:50]} 14. Qe2 {[%clk 0:54:19]} Qc7 {[%clk
0:47:01]} 15. c3 {[%clk 0:50:02]} bxc3 {[%clk 0:46:01]} 16. Nxc3 {[%clk
0:48:21]} Rfb8 {[%clk 0:45:25]} 17. Na4 {[%clk 0:44:44]} Ra7 {[%clk 0:33:40]}
18. Nb6 {[%clk 0:40:51]} Be8 {[%clk 0:32:57]} 19. b4 {[%clk 0:19:59]} Nd7
{[%clk 0:23:20]} 20. Nxd7 {[%clk 0:15:39]} Bxd7 {[%clk 0:23:37]} 21. bxc5
{[%clk 0:14:07]} dxc5 {[%clk 0:23:01]} 22. h3 {[%clk 0:07:02]} Bd6 {[%clk
0:16:24]} 23. Rec1 {[%clk 0:05:08]} Qd8 {[%clk 0:14:18]} 24. Be3 {[%clk
0:03:43]} Rc7 {[%clk 0:10:28]} 25. Nd2 {[%clk 0:01:54]} Qe7 {[%clk 0:05:48]}
26. Bd3 {[%clk 0:01:25]} Rcb7 {[%clk 0:05:03]} 27. f3 {[%clk 0:00:38]} Bc8
{[%clk 0:02:27]} 28. Qf2 {[%clk 0:00:38]} Rc7 {[%clk 0:02:30]} 29. Nc4 {[%clk
0:00:41]} Nd4 {[%clk 0:02:35]} 30. Rcb1 {[%clk 0:00:43]} Rxb1+ {[%clk 0:01:47]}
31. Rxb1 {[%clk 0:01:12]} Ra7 {[%clk 0:01:06]} 32. Nxd6 {[%clk 0:00:49]} Qxd6
{[%clk 0:01:32]} 33. Rb6 {[%clk 0:01:17]} Qc7 {[%clk 0:01:30]} 34. Qf1 {[%clk
0:00:43]} Nb5 {[%clk 0:00:35]} 35. Qc1 {[%clk 0:00:56]} Nd4 {[%clk 0:00:38]}
36. Bxd4 {[%clk 0:01:01]} exd4 {[%clk 0:00:43]} 37. Rc6 {[%clk 0:01:19]} Qb7
{[%clk 0:00:33]} 38. Qxc5 {[%clk 0:01:13]} Bd7 {[%clk 0:00:50]} 39. Rb6 {[%clk
0:01:07]} Qa8 {[%clk 0:01:13]} 40. Qxd4 {[%clk 0:00:41]} Bb5 {[%clk 0:01:13]}
41. Bxb5 {[%clk 0:27:56]} axb5 {[%clk 0:31:21]} 42. Qe5 {[%clk 0:26:53]} 1-0

[Event "Deutsche Ländermeisterschaft 2022"]
[Site "Wiesbaden GER"]
[Date "2022.10.02"]
[Round "4"]
[White "Czäczine, Paula"]
[Black "Guo, Philipp Ziming"]
[Result "0-1"]
[Termination "normal"]
[Board "3.7"]
[WhiteElo "1322"]
[BlackElo "1851"]
[WhiteClock "00:06:21"]
[BlackClock "00:22:33"]
[WhiteTeam "Sachsen"]
[BlackTeam "Schleswig-Holstein"]
[PlyCount "106"]
[WhiteFideId "16249305"]
[BlackFideId "16245199"]
[EventCountry "GER"]
[EventRounds "7"]
[EventType "team-swiss"]
[EventDate "2022.09.30"]

1. e4 {[%clk 1:30:57]} c5 {[%clk 1:30:51]} 2. Nf3 {[%clk 1:31:22]} d6 {[%clk
1:31:15]} 3. d4 {[%clk 1:31:48]} cxd4 {[%clk 1:31:37]} 4. Nxd4 {[%clk 1:32:12]}
Nf6 {[%clk 1:31:55]} 5. Nc3 {[%clk 1:32:32]} a6 {[%clk 1:32:07]} 6. f3 {[%clk
1:32:45]} e5 {[%clk 1:32:13]} 7. Nb3 {[%clk 1:33:10]} Be7 {[%clk 1:32:29]} 8.
Be3 {[%clk 1:33:19]} Be6 {[%clk 1:32:46]} 9. Qd2 {[%clk 1:33:31]} O-O {[%clk
1:32:55]} 10. O-O-O {[%clk 1:33:41]} Nbd7 {[%clk 1:33:15]} 11. g4 {[%clk
1:33:37]} b5 {[%clk 1:33:36]} 12. Rg1 {[%clk 1:33:50]} Nb6 {[%clk 1:32:45]} 13.
g5 {[%clk 1:31:37]} Nh5 {[%clk 1:32:58]} 14. Be2 {[%clk 1:29:57]} Qc7 {[%clk
1:26:48]} 15. Kb1 {[%clk 1:19:40]} Rfc8 {[%clk 1:15:04]} 16. Bxb6 {[%clk
1:12:06]} Qxb6 {[%clk 1:15:26]} 17. Nd5 {[%clk 1:12:22]} Bxd5 {[%clk 1:15:11]}
18. exd5 {[%clk 1:11:04]} a5 {[%clk 1:10:30]} 19. Qd3 {[%clk 1:02:34]} Rab8
{[%clk 1:05:21]} 20. Nd2 {[%clk 0:54:09]} Nf4 {[%clk 1:04:02]} 21. Qe4 {[%clk
0:51:39]} a4 {[%clk 0:59:09]} 22. Bd3 {[%clk 0:47:39]} g6 {[%clk 0:58:41]} 23.
Rde1 {[%clk 0:39:14]} Qc5 {[%clk 0:54:39]} 24. Qe3 {[%clk 0:32:32]} Qxe3 {[%clk
0:48:39]} 25. Rxe3 {[%clk 0:32:54]} Nxd5 {[%clk 0:49:01]} 26. Ree1 {[%clk
0:30:34]} Nf4 {[%clk 0:47:40]} 27. Ne4 {[%clk 0:25:07]} Kg7 {[%clk 0:45:33]}
28. h4 {[%clk 0:18:57]} d5 {[%clk 0:36:12]} 29. Nf2 {[%clk 0:15:33]} Bc5 {[%clk
0:35:42]} 30. Rgf1 {[%clk 0:14:32]} Bxf2 {[%clk 0:35:21]} 31. Rxf2 {[%clk
0:14:53]} f6 {[%clk 0:35:22]} 32. Rd2 {[%clk 0:11:58]} Kf7 {[%clk 0:34:02]} 33.
c3 {[%clk 0:09:35]} Ke6 {[%clk 0:33:15]} 34. Bf1 {[%clk 0:08:32]} f5 {[%clk
0:31:18]} 35. Rd4 {[%clk 0:07:39]} Kd6 {[%clk 0:31:33]} 36. Rb4 {[%clk
0:06:56]} Rc5 {[%clk 0:30:22]} 37. Rd1 {[%clk 0:06:17]} Kc6 {[%clk 0:29:09]}
38. Rc1 {[%clk 0:04:09]} Re8 {[%clk 0:25:25]} 39. b3 {[%clk 0:02:46]} axb3
{[%clk 0:25:04]} 40. axb3 {[%clk 0:03:04]} e4 {[%clk 0:24:05]} 41. fxe4 {[%clk
0:01:15]} fxe4 {[%clk 0:21:01]} 42. Kc2 {[%clk 0:28:40]} Ne6 {[%clk 0:47:24]}
43. Kd2 {[%clk 0:22:20]} Rf8 {[%clk 0:46:18]} 44. Be2 {[%clk 0:17:55]} Rf4
{[%clk 0:38:59]} 45. Rh1 {[%clk 0:16:45]} Rf2 {[%clk 0:29:38]} 46. Rf1 {[%clk
0:13:06]} Rxe2+ {[%clk 0:27:26]} 47. Kxe2 {[%clk 0:13:24]} Rxc3 {[%clk
0:27:52]} 48. Rf6 {[%clk 0:10:43]} Kc5 {[%clk 0:28:15]} 49. Rxe4 {[%clk
0:08:47]} dxe4 {[%clk 0:22:56]} 50. Rxe6 {[%clk 0:09:06]} Rxb3 {[%clk 0:22:20]}
51. Rxe4 {[%clk 0:09:21]} Rb4 {[%clk 0:22:42]} 52. Re8 {[%clk 0:06:41]} Rxh4
{[%clk 0:23:05]} 53. Kd3 {[%clk 0:06:21]} Kb4 {[%clk 0:22:33]} 0-1

[Event "Deutsche Ländermeisterschaft 2022"]
[Site "Wiesbaden GER"]
[Date "2022.10.02"]
[Round "4"]
[White "Schmider, Niklas"]
[Black "Stelmaszyk, Nico"]
[Result "1/2-1/2"]
[Termination "normal"]
[Board "4.1"]
[WhiteTitle "FM"]
[BlackTitle "FM"]
[WhiteElo "2407"]
[BlackElo "2355"]
[WhiteClock "00:09:44"]
[BlackClock "00:28:06"]
[WhiteTeam "Baden 1"]
[BlackTeam "Niedersachsen"]
[PlyCount "52"]
[WhiteFideId "12993778"]
[BlackFideId "16200462"]
[EventCountry "GER"]
[EventRounds "7"]
[EventType "team-swiss"]
[EventDate "2022.09.30"]

1. Nf3 {[%clk 1:30:30]} Nf6 {[%clk 1:30:56]} 2. c4 {[%clk 1:30:37]} e6 {[%clk
1:31:21]} 3. g3 {[%clk 1:29:16]} d5 {[%clk 1:31:46]} 4. d4 {[%clk 1:29:23]} Be7
{[%clk 1:32:11]} 5. Bg2 {[%clk 1:29:46]} O-O {[%clk 1:32:36]} 6. Nc3 {[%clk
1:29:37]} dxc4 {[%clk 1:32:50]} 7. Ne5 {[%clk 1:29:30]} c5 {[%clk 1:32:53]} 8.
dxc5 {[%clk 1:29:44]} Qxd1+ {[%clk 1:33:18]} 9. Nxd1 {[%clk 1:30:03]} Bxc5
{[%clk 1:24:42]} 10. Ne3 {[%clk 1:29:29]} c3 {[%clk 1:22:19]} 11. bxc3 {[%clk
1:29:03]} Nbd7 {[%clk 1:16:03]} 12. Nd3 {[%clk 1:27:40]} Be7 {[%clk 1:12:23]}
13. a4 {[%clk 1:27:26]} Rb8 {[%clk 1:06:29]} 14. Nc4 {[%clk 1:21:20]} Nd5
{[%clk 1:04:32]} 15. Bd2 {[%clk 1:05:42]} b6 {[%clk 0:57:27]} 16. Nce5 {[%clk
0:31:01]} Nxe5 {[%clk 0:49:25]} 17. Nxe5 {[%clk 0:31:28]} Bb7 {[%clk 0:47:37]}
18. Nd7 {[%clk 0:26:18]} Nf6 {[%clk 0:47:54]} 19. Bxb7 {[%clk 0:18:29]} Nxd7
{[%clk 0:47:58]} 20. Bg2 {[%clk 0:17:34]} Rbc8 {[%clk 0:44:39]} 21. a5 {[%clk
0:16:19]} Bf6 {[%clk 0:41:07]} 22. axb6 {[%clk 0:14:18]} axb6 {[%clk 0:39:42]}
23. O-O {[%clk 0:12:35]} Bxc3 {[%clk 0:38:47]} 24. Bxc3 {[%clk 0:12:39]} Rxc3
{[%clk 0:39:11]} 25. Ra7 {[%clk 0:11:44]} Nc5 {[%clk 0:28:30]} 26. Rb1 {[%clk
0:09:44]} Rb3 {[%clk 0:28:06]} 1/2-1/2

[Event "Deutsche Ländermeisterschaft 2022"]
[Site "Wiesbaden GER"]
[Date "2022.10.02"]
[Round "4"]
[White "Pubantz, Jan"]
[Black "Nied, Pascal"]
[Result "1/2-1/2"]
[Termination "normal"]
[Board "4.2"]
[WhiteElo "2273"]
[BlackElo "2131"]
[WhiteClock "00:02:35"]
[BlackClock "00:01:03"]
[WhiteTeam "Niedersachsen"]
[BlackTeam "Baden 1"]
[PlyCount "78"]
[WhiteFideId "12996114"]
[BlackFideId "16260597"]
[EventCountry "GER"]
[EventRounds "7"]
[EventType "team-swiss"]
[EventDate "2022.09.30"]

1. d4 {[%clk 1:30:30]} d5 {[%clk 1:30:37]} 2. c4 {[%clk 1:31:27]} e6 {[%clk
1:31:01]} 3. Nc3 {[%clk 1:31:41]} Nf6 {[%clk 1:31:26]} 4. cxd5 {[%clk 1:32:03]}
exd5 {[%clk 1:31:52]} 5. Bg5 {[%clk 1:32:20]} c6 {[%clk 1:32:16]} 6. e3 {[%clk
1:32:31]} Bd6 {[%clk 1:32:37]} 7. Bd3 {[%clk 1:32:01]} O-O {[%clk 1:32:58]} 8.
Nge2 {[%clk 1:29:39]} h6 {[%clk 1:32:43]} 9. Bf4 {[%clk 1:26:02]} Re8 {[%clk
1:18:02]} 10. Bxd6 {[%clk 1:21:25]} Qxd6 {[%clk 1:18:24]} 11. Ng3 {[%clk
1:21:40]} b6 {[%clk 0:57:44]} 12. O-O {[%clk 1:18:55]} a5 {[%clk 0:47:50]} 13.
Re1 {[%clk 1:06:54]} Ba6 {[%clk 0:42:48]} 14. e4 {[%clk 1:06:06]} dxe4 {[%clk
0:34:21]} 15. Ncxe4 {[%clk 0:59:33]} Nxe4 {[%clk 0:33:26]} 16. Rxe4 {[%clk
0:55:36]} Rxe4 {[%clk 0:31:07]} 17. Bxe4 {[%clk 0:55:39]} Ra7 {[%clk 0:28:57]}
18. Qf3 {[%clk 0:50:14]} Rd7 {[%clk 0:18:39]} 19. Nf5 {[%clk 0:47:54]} Qf6
{[%clk 0:15:25]} 20. Qg3 {[%clk 0:39:58]} Rd8 {[%clk 0:15:39]} 21. Qc7 {[%clk
0:35:16]} Re8 {[%clk 0:15:35]} 22. Nd6 {[%clk 0:32:58]} Rd8 {[%clk 0:13:54]}
23. Nf5 {[%clk 0:30:45]} Re8 {[%clk 0:14:22]} 24. f3 {[%clk 0:20:44]} g6 {[%clk
0:12:43]} 25. Nxh6+ {[%clk 0:19:06]} Kg7 {[%clk 0:12:54]} 26. Ng4 {[%clk
0:18:09]} Qxd4+ {[%clk 0:12:48]} 27. Kh1 {[%clk 0:17:27]} Qxb2 {[%clk 0:10:22]}
28. Rg1 {[%clk 0:17:25]} Qd4 {[%clk 0:05:48]} 29. h3 {[%clk 0:17:00]} Bb5
{[%clk 0:04:42]} 30. Qf4 {[%clk 0:09:43]} Rh8 {[%clk 0:03:30]} 31. Ne5 {[%clk
0:09:21]} Rf8 {[%clk 0:02:17]} 32. Nxf7 Nd7 {[%clk 0:01:01]} 33. Qd6 {[%clk
0:05:35]} Qxd6 {[%clk 0:01:29]} 34. Nxd6 {[%clk 0:06:05]} Nf6 {[%clk 0:01:52]}
35. Rb1 {[%clk 0:02:48]} Nxe4 {[%clk 0:01:21]} 36. Nxe4 {[%clk 0:03:16]} Rb8
{[%clk 0:01:02]} 37. Rd1 {[%clk 0:02:49]} Rf8 {[%clk 0:00:38]} 38. Rb1 {[%clk
0:02:10]} Rb8 {[%clk 0:01:03]} 39. Rd1 {[%clk 0:02:35]} Rf8 1/2-1/2

[Event "Deutsche Ländermeisterschaft 2022"]
[Site "Wiesbaden GER"]
[Date "2022.10.02"]
[Round "4"]
[White "Uhlmann, Tim"]
[Black "von Mettenheim, Johannes"]
[Result "0-1"]
[Termination "normal"]
[Board "4.3"]
[WhiteElo "1841"]
[BlackElo "2231"]
[WhiteClock "00:00:48"]
[BlackClock "00:28:05"]
[WhiteTeam "Baden 1"]
[BlackTeam "Niedersachsen"]
[PlyCount "100"]
[WhiteFideId "16239210"]
[BlackFideId "16244818"]
[EventCountry "GER"]
[EventRounds "7"]
[EventType "team-swiss"]
[EventDate "2022.09.30"]

1. e4 {[%clk 1:30:57]} c6 {[%clk 1:30:53]} 2. c4 {[%clk 1:31:24]} d5 {[%clk
1:31:17]} 3. exd5 {[%clk 1:31:49]} Nf6 {[%clk 1:31:32]} 4. Nc3 {[%clk 1:32:12]}
cxd5 {[%clk 1:31:56]} 5. cxd5 {[%clk 1:32:36]} Nxd5 {[%clk 1:32:02]} 6. Nf3
{[%clk 1:32:49]} Nxc3 {[%clk 1:32:02]} 7. bxc3 {[%clk 1:33:11]} g6 {[%clk
1:32:07]} 8. d4 {[%clk 1:33:23]} Bg7 {[%clk 1:32:15]} 9. Bb5+ {[%clk 1:33:10]}
Bd7 {[%clk 1:32:00]} 10. Bxd7+ {[%clk 1:32:30]} Nxd7 {[%clk 1:31:08]} 11. O-O
{[%clk 1:32:39]} O-O {[%clk 1:31:10]} 12. Bf4 {[%clk 1:32:28]} Rc8 {[%clk
1:29:44]} 13. Qb3 {[%clk 1:31:55]} Nb6 {[%clk 1:28:09]} 14. Be5 {[%clk
1:31:25]} Qd5 {[%clk 1:25:23]} 15. Bxg7 {[%clk 1:30:29]} Kxg7 {[%clk 1:25:47]}
16. Qa3 {[%clk 1:27:56]} Nd7 {[%clk 1:15:33]} 17. Rae1 {[%clk 1:15:16]} e6
{[%clk 1:13:40]} 18. Ne5 {[%clk 1:15:15]} a6 {[%clk 1:07:25]} 19. Qb2 {[%clk
1:07:53]} Nxe5 {[%clk 0:56:14]} 20. Rxe5 {[%clk 1:08:12]} Qd7 {[%clk 0:55:50]}
21. d5 {[%clk 1:03:44]} exd5 {[%clk 0:55:01]} 22. Rxd5 {[%clk 1:04:04]} Qc6
{[%clk 0:55:02]} 23. Rd3 {[%clk 1:03:13]} Qc4 {[%clk 0:52:10]} 24. Re3 {[%clk
1:01:39]} b5 {[%clk 0:51:35]} 25. h3 {[%clk 0:59:43]} Rfd8 {[%clk 0:45:05]} 26.
Rfe1 {[%clk 0:56:08]} Rd6 {[%clk 0:40:44]} 27. Rf3 {[%clk 0:55:19]} Rcd8 {[%clk
0:38:57]} 28. Qb3 {[%clk 0:52:02]} Qc7 {[%clk 0:34:31]} 29. a4 {[%clk 0:46:14]}
Rb8 {[%clk 0:30:08]} 30. axb5 {[%clk 0:44:37]} Rxb5 {[%clk 0:30:15]} 31. Qa2
{[%clk 0:41:02]} Rc5 {[%clk 0:29:28]} 32. Rfe3 {[%clk 0:40:09]} Rf6 {[%clk
0:27:21]} 33. Qb2 {[%clk 0:37:31]} Qc6 {[%clk 0:22:22]} 34. Rg3 {[%clk
0:30:28]} Rcf5 {[%clk 0:17:24]} 35. Re2 {[%clk 0:27:07]} Qd6 {[%clk 0:17:10]}
36. c4 {[%clk 0:21:23]} h5 {[%clk 0:08:35]} 37. Rc3 {[%clk 0:14:33]} Qd1+
{[%clk 0:07:27]} 38. Kh2 {[%clk 0:14:53]} Qd4 {[%clk 0:07:41]} 39. Rcc2 {[%clk
0:14:31]} Qc5 {[%clk 0:07:20]} 40. Red2 {[%clk 0:11:11]} Re5 {[%clk 0:04:52]}
41. Rd3 {[%clk 0:00:33]} Qc7 {[%clk 0:02:45]} 42. g3 {[%clk 0:26:18]} h4 {[%clk
0:31:16]} 43. Rd5 {[%clk 0:16:53]} hxg3+ {[%clk 0:28:11]} 44. fxg3 {[%clk
0:16:45]} Re3 {[%clk 0:28:23]} 45. Rg5 {[%clk 0:12:10]} Ref3 {[%clk 0:28:38]}
46. Qe5 {[%clk 0:08:34]} Qb6 {[%clk 0:27:58]} 47. c5 {[%clk 0:04:43]} Qb1
{[%clk 0:28:06]} 48. Rd2 {[%clk 0:00:32]} Rf1 {[%clk 0:27:46]} 49. Qe3 {[%clk
0:00:34]} Rh1+ {[%clk 0:28:05]} 50. Kg2 {[%clk 0:00:48]} Qf1# 0-1

[Event "Deutsche Ländermeisterschaft 2022"]
[Site "Wiesbaden GER"]
[Date "2022.10.02"]
[Round "4"]
[White "Kieselbach, Jannik"]
[Black "Semling, Johannes"]
[Result "1/2-1/2"]
[Termination "normal"]
[Board "4.4"]
[WhiteElo "1848"]
[BlackElo "1861"]
[WhiteClock "00:28:31"]
[BlackClock "00:36:56"]
[WhiteTeam "Niedersachsen"]
[BlackTeam "Baden 1"]
[PlyCount "78"]
[WhiteFideId "16246403"]
[BlackFideId "16290151"]
[EventCountry "GER"]
[EventRounds "7"]
[EventType "team-swiss"]
[EventDate "2022.09.30"]

1. e4 {[%clk 1:30:54]} c5 {[%clk 1:30:54]} 2. Nf3 {[%clk 1:31:13]} d6 {[%clk
1:31:03]} 3. d4 {[%clk 1:31:37]} cxd4 {[%clk 1:31:28]} 4. Nxd4 {[%clk 1:32:03]}
Nf6 {[%clk 1:31:45]} 5. Nc3 {[%clk 1:32:26]} a6 {[%clk 1:32:06]} 6. f3 {[%clk
1:32:52]} e6 {[%clk 1:32:14]} 7. Be3 {[%clk 1:33:10]} h5 {[%clk 1:32:35]} 8.
Qd2 {[%clk 1:33:14]} Be7 {[%clk 1:32:38]} 9. O-O-O {[%clk 1:33:08]} b5 {[%clk
1:33:02]} 10. a3 {[%clk 1:31:10]} Bb7 {[%clk 1:33:08]} 11. Nb3 {[%clk 1:25:03]}
Nbd7 {[%clk 1:33:02]} 12. Bf4 {[%clk 1:23:35]} Ne5 {[%clk 1:29:33]} 13. Bxe5
{[%clk 1:20:46]} dxe5 {[%clk 1:29:54]} 14. Qxd8+ {[%clk 1:19:39]} Rxd8 {[%clk
1:28:03]} 15. Rxd8+ {[%clk 1:03:47]} Bxd8 {[%clk 1:25:23]} 16. Nc5 {[%clk
1:02:44]} Bc8 {[%clk 1:25:09]} 17. Nd3 {[%clk 1:00:48]} Nd7 {[%clk 1:20:12]}
18. a4 {[%clk 0:59:33]} bxa4 {[%clk 1:17:50]} 19. Nxa4 {[%clk 0:59:18]} a5
{[%clk 1:15:05]} 20. b3 {[%clk 0:55:33]} Bb7 {[%clk 1:11:37]} 21. Nac5 {[%clk
0:53:34]} Nxc5 {[%clk 1:09:46]} 22. Nxc5 {[%clk 0:53:56]} Bc6 {[%clk 1:09:34]}
23. Bc4 {[%clk 0:53:03]} Bb6 {[%clk 1:07:39]} 24. Nd3 {[%clk 0:52:31]} Bc7
{[%clk 1:07:49]} 25. Kb2 {[%clk 0:52:27]} Ke7 {[%clk 1:06:44]} 26. b4 {[%clk
0:47:19]} axb4 {[%clk 1:02:34]} 27. Nxb4 {[%clk 0:46:54]} Bb7 {[%clk 1:02:23]}
28. Ra1 {[%clk 0:46:23]} Ra8 {[%clk 1:00:44]} 29. Ba6 {[%clk 0:39:34]} Bb6
{[%clk 0:51:23]} 30. c3 {[%clk 0:38:04]} Bxa6 {[%clk 0:51:22]} 31. Rxa6 {[%clk
0:38:02]} Rxa6 {[%clk 0:51:27]} 32. Nxa6 {[%clk 0:38:22]} g5 {[%clk 0:47:58]}
33. g4 {[%clk 0:35:30]} hxg4 {[%clk 0:46:11]} 34. fxg4 {[%clk 0:35:53]} f5
{[%clk 0:46:33]} 35. exf5 {[%clk 0:34:16]} exf5 {[%clk 0:46:57]} 36. gxf5
{[%clk 0:32:35]} g4 {[%clk 0:44:15]} 37. Nb4 {[%clk 0:30:42]} Bg1 {[%clk
0:41:48]} 38. Nd5+ {[%clk 0:29:39]} Kf7 {[%clk 0:40:00]} 39. Kc2 {[%clk
0:28:31]} Bxh2 {[%clk 0:36:56]} 1/2-1/2